000 00304nam a22001337a 4500
008 171018b xxu||||| |||| 00| 0 eng d
020 _a2900470056232
041 _aeng
080 _28 ED
_a338
100 _a53
101 _aMEN
245 _aSTRTEGIC MARKET MANAGEMENT
_cAAKER.D.A
942 _2udc
_cBK
999 _c34663
_d34663